Á lódáil...

Handbook of social theory /

Sonraí Bibleagrafaíochta
Príomhúdar: Ritzer, George
Údair Eile: Smart , Barry (Eagarthóir)
Teanga:Undetermined
Foilsithe: New Delhi : Sage Publications , 2001.
Ábhair:
LEADER 00601nam a2200181Ia 4500
001 137283
008 170722s9999 xx 000 0 und d
020 |a 0761941878 
100 |a Ritzer, George 
245 |a Handbook of social theory / 
260 |a New Delhi :  |b Sage Publications ,  |c 2001. 
300 |a xi+552 
653 |a Sociology 
700 |a Smart , Barry  |e editor. 
923 |d 20031212  |n WCD1729/03 
942 |c GEN 
999 |c 127756  |d 127756 
952 |0 0  |1 0  |4 0  |6 Y_13_000000000000000  |7 0  |9 180664  |a LIB  |b LIB  |d 2013-03-25  |e Modern Book Centre  |l 1  |o Y 13  |p 251418  |q 2006-07-04  |r 2017-08-15  |s 2017-08-15  |w 2017-08-12  |y GEN